| 000 | 01687cam a22004574a 4500 | ||
|---|---|---|---|
| 001 | muse86581 | ||
| 003 | MdBmJHUP | ||
| 005 | 20210127151715.0 | ||
| 006 | m o d | ||
| 007 | cr||||||||nn|n | ||
| 008 | 780412s1978 ncu o 00 0 eng d | ||
| 010 | _z 78057492 | ||
| 020 | _a9781469657783 | ||
| 020 | _z0807880930 | ||
| 020 | _z9781469657776 | ||
| 035 | _a(OCoLC)1155210945 | ||
| 040 |
_aMdBmJHUP _cMdBmJHUP |
||
| 050 | 0 | 4 |
_aPT1904 _b.L4 1978 |
| 082 | 0 | _a831/.6 | |
| 100 | 1 |
_aLee, Meredith, _d1945- |
|
| 245 | 1 | 0 |
_aStudies in Goethe's Lyric Cycles _cby Meredith Lee. |
| 264 | 1 | _bUniversity of North Carolina Press, | |
| 264 | 3 | _bProject MUSE, | |
| 300 | _a1 online resource (xi, 191 p.) | ||
| 490 | 0 |
_aUniversity of North Carolina studies in the Germanic languages and literatures ; no. 93 _x0081-8593 |
|
| 500 | _aIncludes indexes. | ||
| 500 | _aOriginally presented as the author's thesis, Yale. | ||
| 504 | _aBibliography: p. 171-182. | ||
| 506 | 0 |
_aOpen Access _fUnrestricted online access _2star |
|
| 588 | _aDescription based on print version record. | ||
| 600 | 1 | 1 |
_aGoethe, Johann Wolfgang von, _d1749-1832 _xCriticism and interpretation. |
| 655 | 7 |
_aElectronic books. _2local |
|
| 710 | 2 |
_aProject Muse. _edistributor |
|
| 830 | 0 |
_aUniversity of North Carolina studies in the Germanic languages and literatures ; _vno. 93. |
|
| 830 | 0 | _aBook collections on Project MUSE. | |
| 856 | 4 | 0 |
_zFull text available: _uhttps://muse.jhu.edu/book/75727/ |
| 999 |
_c26730 _d26730 |
||